| 000 | 00805nam a2200265Ia 4500 | ||
|---|---|---|---|
| 003 | OSt | ||
| 005 | 20220926005056.0 | ||
| 006 | a|||||r|||| 00| 0 | ||
| 007 | ta | ||
| 008 | 220923b |||||||| |||| 00| 0 eng d | ||
| 020 | _a076199727X | ||
| 037 | _cGeneral Book | ||
| 040 |
_aRTL _cRTL _beng |
||
| 041 |
_2eng _aeng |
||
| 082 | _aY9(L:4234), P3 | ||
| 100 |
_aSinghal Arvind _9142372 |
||
| 245 | 0 |
_aCombating AIDS _b Communication strategies in action |
|
| 260 |
_a New Delhi _bSage Publications _c2003 |
||
| 300 |
_a425p _ccm. |
||
| 500 | _aGlossary: P 390-92; Bibiliography: P 393-411 | ||
| 650 | _aSociology of Medicine | ||
| 700 |
_a Rogers Everett M _9131799 |
||
| 942 |
_hY9(L:4234), P3 _cGB _2CC |
||
| 999 |
_c612915 _d612915 |
||